000 00680nam a2200253Ia 4500
003 OSt
005 20220918163224.0
006 a|||||r|||| 00| 0
007 ta
008 220917b |||||||| |||| 00| 0 eng d
020 _a0 333 32680 6
024 _a29,940
037 _cTextual
040 _aARTS
_cARTS
_beng
041 _2eng
_aeng
082 _aO111,3N05w, M2
100 _aSnow Philip
_912117
245 0 _aStranger and brother
_b A portrait of C P Snow
260 _aLondon
_bMacMillan UK
_c1982
300 _axv, 206p.
_ccm.
650 _aENGLISH LITERATURE
942 _hO111,3N05w, M2
_cTEXL
_2CC
999 _c118562
_d118562